Illegal transactions in international trade theory and measurement

Gespeichert in:
Bibliographische Detailangaben
Weitere Verfasser: Bhagwati, Jagdish N.
Format: Buch
Sprache:Englisch
Veröffentlicht: Amsterdam North-Holland Publishing Company 1974
Schriftenreihe:Studies in international economics Vol. 1
Schlagworte:
Tags: Tag hinzufügen
Keine Tags, Fügen Sie das erste Tag hinzu!

MARC

LEADER 00000nam a2200000 4500
001 c100930
005 20230315134947.1
020 |a 0-7204-8500-2 
041 0 |a eng 
044 |a NL 
245 1 0 |a Illegal transactions in international trade  |b theory and measurement  |c Edited by Jagdish N. Bhagwati 
264 1 |a Amsterdam  |b North-Holland Publishing Company  |c 1974 
300 |a 208 s. 
490 1 |a Studies in international economics  |v Vol. 1 
830 0 |a Studies in international economics  |v Vol. 1 
610 2 0 |a obchod medzinárodný 
610 2 0 |a obchod nezákonný 
610 2 0 |a obchod svetový 
610 2 0 |a obchod zahraničný 
610 2 0 |a teória obchodu 
610 2 0 |a bilancia platobná 
610 2 0 |a politika fiškálna 
610 2 0 |a ekonometria 
700 1 |a Bhagwati, Jagdish N.